000 00622nam a22001937a 4500
008 151116b xxu||||| |||| 00| 0 eng d
020 _a0849324793
041 0 _aeng
080 _a510.21
100 1 _aZwillinger, Daniel
245 1 0 _aCRC Standard Mathematical Tables and Formulae
250 _a30th ed.,Revised
260 _aAbingdon :
_aFlorence :
_bCRC Press [Imprint]
_bTaylor & Francis Group
_bTaylor & Francis Group [Distributor]
_cDec. 1995
300 _a812 f.:
_bme il.;
_c21 cm.
650 0 _aMatematika
650 0 _aFormulat
700 _aSalman, Salah D.
_eAuthor
942 _2udc
_cBK
999 _c1358
_d1358